Normal view
MARC view
Entry Personal Name
001 - CONTROL NUMBER
- control field: 21241
003 - CONTROL NUMBER IDENTIFIER
- control field: OSt
005 - DATE AND TIME OF LATEST TRANSACTION
- control field: 20211201105105.0
008 - FIXED-LENGTH DATA ELEMENTS
- fixed length control field: 211201|| aca||aabn | a|a d
040 ## - CATALOGING SOURCE
- Original cataloging agency: OSt
- Transcribing agency: OSt
100 ## - HEADING--PERSONAL NAME
- Personal name: DEAN F. MILLER
670 ## - SOURCE DATA FOUND
- Source citation: Work cat.: (OSt)20917: DEAN F. MILLER, HEALTH EDUCATION in the elementary & middle - level school, 1996